Afrodita /

Guardado en:
Autor Principal: Louÿs, Pierre (1870-1925)
Formato: Libro
Publicado: Madrid : Club Internacional del Libro, 1998
Materias:
Etiquetas: Agregar Etiqueta
Sin Etiquetas, Sea el primero en etiquetar este registro!
LEADER 00561nam a22002055a 4500
001 CEM.cems016942
005 20121123083346.0
008 130507s1998##################000#0#####d
003 CEMS
020 |a 8482652133 
082 0 4 |a 843 
100 1 |a Louÿs, Pierre (1870-1925) 
245 1 0 |a Afrodita /  |c Pierre Louÿs 
260 |a Madrid :  |b Club Internacional del Libro,  |c 1998 
300 |a 208 p. 
653 |a Literatura 
653 |a Novelas 
653 |a Literatura francesa 
653 |a Novela francesa 
859 |a CEMS  |b BIB. CEMS - Agricultura  |h 843  |i L939  |p A0172.00  |t Ej.1